| 000 | 01060nam a2200241Ia 4500 | ||
|---|---|---|---|
| 999 |
_c36100 _d36100 |
||
| 001 | 2000 | ||
| 003 | GE_BSU | ||
| 005 | 20221010164654.0 | ||
| 008 | 181216s2007ru xx |||||||||||||| ||rus|| | ||
| 020 | _a9785466002186 | ||
| 040 | _cGE_BSU | ||
| 041 | _arus | ||
| 080 | _a339.549(470)(075.8)+34(070)(075.8) ) Т-17 | ||
| 245 |
_aТаможное право Учубник : _bИн-ут. Законодательства и сравнительного правоведения при провительстве Российской федераций / _cА.А. Гравина, Отв ред. А.Ф. Ноздрачев. |
||
| 264 |
_aМосква : _bВолтерс Клувер, _c2007. |
||
| 300 |
_a688 с.: _b21 см. |
||
| 653 | _aТаможное право Учубни | ||
| 653 | _aსაბაჟო სამართლი | ||
| 653 | _aსამართლი | ||
| 700 |
_aГравина,А.А. и др. _eავტორი _915213 |
||
| 700 |
_aНоздрачев, А.Ф. _eრედაქტორი _915214 |
||
| 942 |
_cBK _2udc |
||